Popular Writers, Unpopular Books Quiz Stats

 Plays Quiz Updated Jan 19, 2017

Challenge
Share
Tweet
Score 0/19 Timer 06:00
7 Plays Today
% Correct
Northanger Abbey
80%
The Village of Stepanchikovo
66.3%
Barnaby Rudge
64.1%
The Cossacks
54.6%
Anansi Boys
37%
The Colorado Kid
36%
Career of Evil
35.7%
The Years
35.1%
Deadeye Dick
30.5%
Love
28.4%
% Correct
The Torrents of Spring
26.6%
The Pilgrim's Regress
25.4%
A Horse's Tale
24.7%
A Clergyman's Daughter
19%
Armageddon Rag
18.6%
Bleeding Edge
15.1%
In Evil Hour
13.8%
The Forgotten Village
12.5%
Pylon
11.3%

You're not logged in!

Compare scores with friends on all Sporcle quizzes.
Join for Free
OR
Log In

You Might Also Like...

Show Comments

Extras

Top Quizzes Today


Score Distribution

Your Account Isn't Verified!

In order to create a playlist on Sporcle, you need to verify the email address you used during registration. Go to your Sporcle Settings to finish the process.

Report this User

Report this user for behavior that violates our Community Guidelines.

Details: